000 00652nam a22001697a 4500
999 _c9713
_d9713
008 180714b ||||| |||| 00| 0 eng d
082 _22018
_aUT 0906
_bA54
100 _928852
_aAndal, John Alden
245 _aBrand equity and brand loyalty of UM students in buying cosmetic brand/
_cJohn Alden Andal, Airespear E. Aclon and Marice G. Labajo.
260 _aDigos City:
_bUMDC
_cApril 2018.
300 _a68 pages;
_b29 cm.
650 0 _928854
_aBusiness Administration
_vMarketing Management
_xUndergraduate thesis
700 _928855
_aAndal, John Alden.
700 _928856
_aAclon, Airespear E.
700 _928858
_aLabajo, Marice G.
942 _2ddc
_cUT